Pioneros del diseño moderno de William Morris a Walter Gropius

Bibliographic Details
Main Author: Pevsner, Nikolaus
Format: Section = Libro
Language:Undetermined
Spanish
Published: Buenos Aires Infinito 1972
Edition:3a.ed.
Subjects:
LEADER 00571nam a2200205Ia 4500
008 240829s9999 xx 000 0 und d
040 |a BIBLIOTECA-RUSB/ 720.9 P514 
041 |a spa 
082 |a 720.9 P514 
100 1 |a Pevsner, Nikolaus 
245 1 0 |a Pioneros del diseño moderno de William Morris a Walter Gropius 
250 |a 3a.ed. 
260 |a Buenos Aires  |b Infinito  |c 1972 
300 |a 263 p. :il. 
650 7 |a ARQUITECTURA-DISEÑO Y PLANOS 
650 7 |b  ARQUITECTURA-HISTORIA 
650 7 |c  ARQUITECTURA-TEORIA 
942 |c BK  |2 ddc 
991 |a TEXTO 
999 |c 5065